Mémoires d'une contemporaine ou souvenirs d'une femme sur les principaux personnages de la République, du Consulat, de l'Empire, etc. (Record no. 164308)

MARC details
000 -LEADER
campo de control de longitud fija 00882nam a22001935i 4500
001 - NÚMERO DE CONTROL
campo de control 164308
003 - IDENTIFICADOR DE NÚMERO DE CONTROL
campo de control ES-MaACL
005 - FECHA Y HORA DE LA ÚLTIMA TRANSACCIÓN
campo de control 20230906212919.0
008 - DATOS DE LONGITUD FIJA--INFORMACIÓN GENERAL
campo de control de longitud fija 050921m18271829fr a | |||||||| ||fre d
040 ## - FUENTE DE CATALOGACIÓN
Centro catalogador/agencia de origen CAM
Lengua de catalogación spa
Centro/agencia transcriptor CAM
100 1# - ENTRADA PRINCIPAL--NOMBRE DE PERSONA
Nombre de persona Saint-Elme, Ida (
Fechas asociadas al nombre 1778-1845)
9 (RLIN) 132283
245 10 - MENCIÓN DEL TÍTULO
Título Mémoires d'une contemporaine ou souvenirs d'une femme sur les principaux personnages de la République, du Consulat, de l'Empire, etc.
260 ## - PUBLICACIÓN, DISTRIBUCIÓN, ETC.
Lugar de publicación, distribución, etc. Paris :
Nombre del editor, distribuidor, etc. Ladvocat,
Fecha de publicación, distribución, etc. 1827-1829 (
Fabricante Imprimerie de Gaultier-Laguionie)
300 ## - DESCRIPCIÓN FÍSICA
Extensión 8 v. :
Otras características físicas retr. autora ;
Dimensiones 20 cm.
594 ## - Nota al título y mención de responsabilidad
Nota al título y mención de responsabilidad Saint-Elme, Ida (pseud. de Elzélina Van Aylde Jonghe, conocida como "la Contemporaine")
595 ## -
-- T. I-5, 4e éd., 1829; t. VI, 2e éd., 1827; t. VII, 2e éd., 1828; t.VIII, 1828.
651 #4 - PUNTO DE ACCESO ADICIONAL DE MATERIA--NOMBRE GEOGRÁFICO
Nombre geográfico Francia-
Subdivisión general Historia-
Subdivisión cronológica 1789-1815-
Subdivisión de forma Relatos personales.
9 (RLIN) 154666
852 ## - LOCALIZACIÓN
Ubicación ES-MaACL
Número de control de estantería G-9403-10
Nota libre -- Enc. hol.
Holdings
Estatus retirado Estado de pérdida Estado de daño No para préstamo Colección Biblioteca de origen Biblioteca actual Ubicación en estantería Fecha de adquisición Total de préstamos Signatura topográfica completa Código de barras Visto por última vez Precio de reemplazo Tipo de ítem Koha
        Libros del s. XIX Biblioteca del Ateneo de Madrid Biblioteca del Ateneo de Madrid Sala Pecera Planta 3 17/01/2008   G-9403-10 1172222 23/02/2023 23/02/2023 Libro impreso antiguo